Представление документа в формате RUSMARC

Поле Инд. ПП Название Значение
Тип записи a
Библиографический уровень a
001 Контрольный номер dc3eb45278e142468b4fa102428ddd6b
005 Дата корректировки 20190613134739.9
100 a Данные общей обработки 20190613 ||| 0rusy0189 ca
101 0_ a Язык текста rus
102 a Страна публикации RU
200 1_ f Первые сведения об ответственности Ю.И. Мигачев, Г.Ф. Чекмарев
a Заглавие Военная служба как вид государственной службы Российской Федерации (административные и информационные аспекты)
b Общее обозначение материала Текст
210 1_ d Дата издания 2019
461 _0 1 2000
a Административное право и процесс
463 _0 1 2000
a № 5
v С. 50-53
1 2101
d 2019
1 001ca4459ce9c7d4178a857e14adab1d16d
606 a Основная рубрика Военное дело
610 0_ a Ключевые слова ВОЕННАЯ СЛУЖБА
a Ключевые слова ГОСУДАРСТВЕННАЯ СЛУЖБА
700 _1 a Фамилия Мигачев
b Имя Ю.И.
701 _1 a Фамилия Чекмарев
b Имя Г.Ф.
801 _0 a Страна RU
b Организация РГУП
c Дата составления 20190613
g Правила каталогизации PSBO
801 _1 a Страна RU
b Организация РГУП
c Дата составления 20190613
g Правила каталогизации PSBO
901 t Тип документа b
w Контрольный № источника ca4459ce9c7d4178a857e14adab1d16d
905 a Дата ввода 20190613